Karol Beffa, En avant la musique! Maurice Ravel, Éditions des Équateurs, 2025, 208 páginas, 14 euros. Maurice Ravel, Correspondance, écrits et entretiens, edición de Manuel Cornejo, caja de dos volúmenes, 2000 cartas y tarjetas, 147 escritos, entre ellos 28 artículos y 80 entrevistas, Gallimard, «Tel», 2025, 2934 páginas, 32 euros. (notice n° 1612783)
[ vue normale ]
| 000 -LEADER | |
|---|---|
| fixed length control field | 00736cam a2200145 4500500 |
| 005 - DATE AND TIME OF LATEST TRANSACTION | |
| control field | 20260111040513.0 |
| 041 ## - LANGUAGE CODE | |
| Language code of text/sound track or separate title | fre |
| 042 ## - AUTHENTICATION CODE | |
| Authentication code | dc |
| 100 10 - MAIN ENTRY--PERSONAL NAME | |
| Personal name | Skoric, Arthur |
| Relator term | author |
| 245 00 - TITLE STATEMENT | |
| Title | Karol Beffa, En avant la musique! Maurice Ravel, Éditions des Équateurs, 2025, 208 páginas, 14 euros. Maurice Ravel, Correspondance, écrits et entretiens, edición de Manuel Cornejo, caja de dos volúmenes, 2000 cartas y tarjetas, 147 escritos, entre ellos 28 artículos y 80 entrevistas, Gallimard, «Tel», 2025, 2934 páginas, 32 euros. |
| 260 ## - PUBLICATION, DISTRIBUTION, ETC. | |
| Date of publication, distribution, etc. | 2025.<br/> |
| 500 ## - GENERAL NOTE | |
| General note | 2 |
| 786 0# - DATA SOURCE ENTRY | |
| Note | Études | 4331 | 11 | 2025-11-03 | p. 119-120 |
| 856 41 - ELECTRONIC LOCATION AND ACCESS | |
| Uniform Resource Identifier | <a href="https://shs.cairn.info/revista-etudes-2025-11-page-119?lang=es&redirect-ssocas=7080">https://shs.cairn.info/revista-etudes-2025-11-page-119?lang=es&redirect-ssocas=7080</a> |
Pas d'exemplaire disponible.




Réseaux sociaux